Études critiques sur l'histoire de la littérature français. (Record no. 180191)

MARC details
000 -LEADER
campo de control de longitud fija 00799nam a2200205 i 4500
001 - NÚMERO DE CONTROL
campo de control 180191
003 - IDENTIFICADOR DE NÚMERO DE CONTROL
campo de control ES-MaACL
005 - FECHA Y HORA DE LA ÚLTIMA TRANSACCIÓN
campo de control 20250710064922.0
007 - CAMPO FIJO DE DESCRIPCIÓN FÍSICA--INFORMACIÓN GENERAL
campo de control de longitud fija t|
008 - DATOS DE LONGITUD FIJA--INFORMACIÓN GENERAL
campo de control de longitud fija 120516s1904 fr ||||1| fre d
100 1# - ENTRADA PRINCIPAL--NOMBRE DE PERSONA
Nombre de persona Brunetière, Ferdinand.
9 (RLIN) 32173
245 10 - MENCIÓN DEL TÍTULO
Título Études critiques sur l'histoire de la littérature français.
Número de parte o sección de la obra Deuxième série /
Mención de responsabilidad, etc. par Ferdinand Brunetière.
250 ## - MENCION DE EDICION
Mención de edición 6e éd.
260 ## - PUBLICACIÓN, DISTRIBUCIÓN, ETC.
Lugar de publicación, distribución, etc. Paris :
Nombre del editor, distribuidor, etc. Librairie Hachette et Cie.,
Fecha de publicación, distribución, etc. 1904.
300 ## - DESCRIPCIÓN FÍSICA
Extensión 334 p. ;
Dimensiones 18 cm.
505 8# - NOTA DE CONTENIDO CON FORMATO
Nota de contenido con formato Contiene: Les précieuses. Bossuet et Fénelon. Massillon. Marivaux. La direction de la Librairie sous Malesherbes. Galiani. Diderot. Le théatre de la révolution
650 #4 - PUNTO DE ACCESO ADICIONAL DE MATERIA--TÉRMINO DE MATERIA
Término de materia o nombre geográfico como elemento de entrada Literatura francesa-
Subdivisión general Historia y crítica
9 (RLIN) 14586
852 ## - LOCALIZACIÓN
Ubicación ES-MaACL
Número de control de estantería F-8414
Holdings
Estatus retirado Estado de pérdida Estado de daño No para préstamo Biblioteca de origen Biblioteca actual Ubicación en estantería Fecha de adquisición Fuente de adquisición Total de préstamos Signatura topográfica completa Código de barras Visto por última vez Precio de reemplazo Tipo de ítem Koha
        Biblioteca del Ateneo de Madrid Biblioteca del Ateneo de Madrid Sala Pecera Planta 2 16/05/2012     F-8414 1189335 23/02/2023 23/02/2023 Libro impreso